000 00623nam a2200217Ia 4500
001 1426
003 GE_BSU
008 181216s||||||||xx |||||||||||||| ||und||
040 _cGE_BSU
080 _a651ю11
245 _aГосударственная фармакопея Советских социалистических республик.
245 _bВып.1.Общие методы анализа
250 _aИзд.11-ое
260 _aМосква
260 _bМедицина
260 _c1987
300 _a336 с. 20 см.
541 _h12 л.
653 _aФармакопея
942 _cBK
999 _c35565
_d35565